000 00762nam a22002297a 4500
999 _c10640
_d10640
003 AR-CdUCM
008 190401b ||||| |||| 00| 0 spa d
040 _aMUNICIPALIDAD PROVINCIAL DEL CUSCO
_cBIBLIOTECA MUNICIPAL DEL CUSCO
082 _aEP / 372.460 /
_bN29
245 _aDescrubrir :
_bLibro e lectura navarrete 1 /
260 _aPerú :
_bNavarrete,
_c1988.
300 _a144 páginas ;
_bIlustraciones,
_c23 cm.
505 _aContenido: Libro de lecturas.
650 _aLibro de lecturas
_927519
650 _aActividades escolares
_927573
650 _aPerú Siglo XX
_91357
700 _aTincopa Calle, Lila
_927609
700 _aCruz Y., Eduardo de la
_927610
700 _aAlcedan la Cruz, Dolores
_927611
942 _2ddc
_cLIBROS
945 _adavv